| 000 | 00536nam a2200133Ia 4500 | ||
|---|---|---|---|
| 008 | 220216s9999 xx 000 0 und d | ||
| 100 | _aHarish M | ||
| 245 | 0 | _aAerobic digestion through air diffusion for the effective treatment of RSS processing effluent | |
| 260 | _bIRC 2012. International Rubber Conference, 28-31 October 2012, Kovalam, India, Rubber Research Institute of India, Kottayam and IRRDB, Malaysia: Abstracts. pp.122-123. | ||
| 650 | _aAerobic digestion | ||
| 650 | _aAir diffusion | ||
| 700 | _aMathew J | ||
| 942 | _cBS | ||
| 999 |
_c51476 _d51476 |
||